| 000 | 00611nam a2200181 a 4500 | ||
|---|---|---|---|
| 001 | 000009335 | ||
| 005 | 20250204073951.0 | ||
| 008 | 090929s1984 dr 001 0 spa d | ||
| 040 |
_aDO-SdBNP _bspa _cBNPHU |
||
| 082 |
_aR581.63 _bL453h |
||
| 100 | 1 |
_aLebrón Saviñon, Mariano _d1922-2014 _97227 |
|
| 245 | 1 | 0 |
_aHerbario dominicano / _cMariano Lebrón Saviñón. |
| 260 |
_aSanto Domingo : _bPublicación de la Academia Dominicana de Medicina, _c1984. |
||
| 300 |
_a73 p. ; _c21 cm. |
||
| 650 | 4 |
_aPlantas utiles _zRepública Dominicana _xDiccionarios _924083 |
|
| 650 | 4 |
_aBotánica médica _921557 |
|
| 049 | _aBNPD | ||
| 999 |
_c9095 _d9095 |
||